000 00751nam a2200241 i 4500
001 162382
003 ES-MaACL
005 20250804052222.0
008 150113s2002 sp |||| | spa d
020 _a84-8191-441-X
080 _a128
100 1 _aJankélévitch, Vladimir.
_966033
245 1 3 _aLa muerte /
_cVladimir Jankélévitch ; traducción y prólogo de Manuel Arranz.
250 _a1ª ed.
260 _aValencia :
_bPre-Textos,
_c2002.
300 _a435 p. ;
_c24 cm.
490 1 _aPre-textos ;
_v558.
_aEnsayo
650 7 _aMuerte
_2embne
_915241
700 0 _aArranz, Manuel.
_923217
830 0 _aPre-textos ;
_v558.
_aEnsayo
_9179721
852 _aES-MaACL
_jL-30086
_z.- Donat. Miguel A. Velasco
999 _c162382
_d162382